<?xml version="1.0" encoding="UTF-8"?>
<record
    xmlns:xsi="http://www.w3.org/2001/XMLSchema-instance"
    xsi:schemaLocation="http://www.loc.gov/MARC21/slim http://www.loc.gov/standards/marcxml/schema/MARC21slim.xsd"
    xmlns="http://www.loc.gov/MARC21/slim">

  <leader>00700na  a2200229   4500</leader>
  <controlfield tag="001">19925</controlfield>
  <controlfield tag="003">MIRAKIL</controlfield>
  <controlfield tag="005">20181213155021.0</controlfield>
  <controlfield tag="008">161228b        tu            000 0      </controlfield>
  <datafield tag="020" ind1=" " ind2=" ">
    <subfield code="a">9786058449121</subfield>
  </datafield>
  <datafield tag="040" ind1=" " ind2=" ">
    <subfield code="a">Milas</subfield>
    <subfield code="b">tur</subfield>
    <subfield code="c">TR-AnCHP</subfield>
  </datafield>
  <datafield tag="041" ind1=" " ind2=" ">
    <subfield code="a">tur</subfield>
  </datafield>
  <datafield tag="082" ind1=" " ind2=" ">
    <subfield code="a">CHP 923.2 Arslan, K.</subfield>
    <subfield code="b">A67 2015</subfield>
  </datafield>
  <datafield tag="090" ind1=" " ind2=" ">
    <subfield code="a">CHP 923.2 Arslan, K. A67 2015</subfield>
  </datafield>
  <datafield tag="100" ind1=" " ind2=" ">
    <subfield code="a">Arslan, Kaz&#x131;m</subfield>
  </datafield>
  <datafield tag="245" ind1=" " ind2=" ">
    <subfield code="a">Siyasete adanan hayat</subfield>
    <subfield code="b">g&#xF6;r&#xFC;&#x15F;ler-yorumlar-makaleler</subfield>
    <subfield code="c">Kaz&#x131;m Arslan ; edit&#xF6;r M. Halil Ar&#x131;k</subfield>
  </datafield>
  <datafield tag="246" ind1=" " ind2=" ">
    <subfield code="a">G&#xF6;r&#xFC;&#x15F;ler-yorumlar-makaleler</subfield>
  </datafield>
  <datafield tag="260" ind1=" " ind2=" ">
    <subfield code="a">Denizli</subfield>
    <subfield code="b">Bilal Ofset Bas&#x131;m-Yay&#x131;n&amp;Matbaac&#x131;l&#x131;k</subfield>
    <subfield code="c">2015</subfield>
  </datafield>
  <datafield tag="300" ind1=" " ind2=" ">
    <subfield code="a">304 s.</subfield>
    <subfield code="c">19 sm.</subfield>
  </datafield>
  <datafield tag="700" ind1=" " ind2=" ">
    <subfield code="a">Ar&#x131;k, M. Halil</subfield>
  </datafield>
  <datafield tag="942" ind1=" " ind2=" ">
    <subfield code="2">ddc</subfield>
    <subfield code="c">BKS</subfield>
  </datafield>
  <datafield tag="952" ind1=" " ind2=" ">
    <subfield code="a">0001</subfield>
    <subfield code="b">0001</subfield>
    <subfield code="d">2016-12-28</subfield>
    <subfield code="e">2</subfield>
    <subfield code="l">0</subfield>
    <subfield code="o">CHP 923.2 Arslan, K. A67 2015</subfield>
    <subfield code="p">010888</subfield>
    <subfield code="r">2016-12-28 00:00:00</subfield>
    <subfield code="v">0.00</subfield>
    <subfield code="w">2016-12-28</subfield>
    <subfield code="y">BKS</subfield>
  </datafield>
  <datafield tag="999" ind1=" " ind2=" ">
    <subfield code="c">4902</subfield>
    <subfield code="d">4902</subfield>
  </datafield>
</record>
